| 000 | 00529nam a22001697a 4500 | ||
|---|---|---|---|
| 005 | 20251108164211.0 | ||
| 008 | 250721s2001 xx 000 0 ara d | ||
| 082 | 1 | 4 | _a811.06/عود |
| 100 | 1 | _aعودة، أمين يوسف | |
| 245 | 1 | 0 |
_aتجليات الشعر الصوفي : _bقراءة في الأحوال و المقامات / |
| 264 | 1 |
_aبيروت : _bالمؤسسة العربية، _c2001. |
|
| 300 | _a398ص | ||
| 650 | 1 | 7 | _aالشعر العربي |
| 650 | 1 | 7 | _aالإسلام |
| 942 |
_2ddc _cBK |
||
| 999 |
_c6183 _d6183 |
||